000 01077ntm a2200265 a 4500
001 75717
003 BD-RjUL
005 20211209082730.0
008 190527s2015 bg a|||| bm|| 00| 0 eng d
035 _a(BD-RjUL)75936
040 _aBD-RjUL
_beng
_cBD-RjUL
_dBD-RjUL
041 _aeng
082 _223
_a338.7635095492
_bQUM 2015
100 1 _aQuaderi, Rumman Shafi
_9231915
245 1 0 _aMarket Assessment with food chain system and export Potentiality of Horticultural crops in Bangladesh /
_cby Rumman Shafi Quaderi ;
_6Supervisor: Md. Abul Kalam Azad
260 _aRajshahi :
_bDepartment of Crop Science and Tecnology, University of Rajshahi,
_c2015
300 _a[5], xiii, 231 leaves :
_bIll. ;
_c29 cm.
502 _aThesis (Ph. D.) -- Department of Crop Science and Tecnology, University of Rajshahi, 2015
504 _aReferences: Leaves 210-218
504 _aReports: leaf 218
650 _aFruit
_zBangladesh
_xMarketing
_9231916
650 _aVegetable
_zBangladesh
_xMarketing
_9231919
700 _aAzad, Md. Abul Kalam, Supervisor
_9231918
942 _2ddc
_cTHE
999 _c75717
_d75717